[Event "Sevilla op"]
[Site "Sevilla ESP"]
[Date "1999.??.??"]
[Round "4"]
[White "Vega Holm, Fernando"]
[Black "Spraggett, Kevin"]
[Result "0-1"]
[WhiteElo "2410"]
[BlackElo "2560"]
[PlyCount "42"]
[EventDate "1999.??.??"]
[EventType "swiss"]
[EventRounds "9"]
[EventCountry "ESP"]
[Source "ChessBase"]
[SourceDate "1999.11.18"]

1. e4 c5 2. c3 e6 3. d4 d5 4. exd5 exd5 5. Nf3 Nf6 6. Be3 cxd4 7. Bxd4 Be7 8.
Bb5+ Nc6 9. Ne5 Bd7 10. Nxd7 Qxd7 11. O-O O-O 12. Nd2 Qc7 13. Nf3 Nxd4 14. Nxd4
Bc5 15. Ba4 Rad8 16. Re1 Ne4 17. Qf3 Qe5 18. Bb3 Rfe8 19. Qd3 Rd6 20. Re3 Rh6
21. Nf3 Nxf2 0-1

[Event "Sevilla op"]
[Site "Sevilla ESP"]
[Date "1999.??.??"]
[Round "5"]
[White "Spraggett, Kevin"]
[Black "Movsziszian, Karen"]
[Result "1-0"]
[WhiteElo "2560"]
[BlackElo "2525"]
[PlyCount "135"]
[EventDate "1999.??.??"]
[EventType "swiss"]
[EventRounds "9"]
[EventCountry "ESP"]
[Source "ChessBase"]
[SourceDate "1999.11.18"]

1. e4 c5 2. Nf3 d6 3. d4 cxd4 4. Nxd4 Nf6 5. Nc3 a6 6. Be2 e5 7. Nb3 Be7 8. O-O
O-O 9. Re1 b6 10. Bf1 Bb7 11. Nd5 Nxd5 12. exd5 Bg5 13. c4 Nd7 14. Bxg5 Qxg5
15. Nd2 f5 16. Rc1 Qf6 17. Nb1 g5 18. Nc3 g4 19. b4 Kh8 20. Na4 Rac8 21. Qd2
Rg8 22. Red1 Rg6 23. c5 bxc5 24. bxc5 dxc5 25. Qb2 Ba8 26. d6 Rc6 27. Nxc5 Rxc5
28. Rxc5 Nxc5 29. d7 Nb7 30. d8=Q+ Nxd8 31. Qb8 Rg8 32. Qxa8 Nf7 33. Qb7 Ng5
34. Bxa6 Rd8 35. Rxd8+ Qxd8 36. Qb2 Qd6 37. Be2 Ne4 38. a4 Qc5 39. Bd3 Qd5 40.
Bf1 Kg7 41. Qb4 Kg6 42. Qb6+ Kg7 43. a5 Qd1 44. Qe6 Nd2 45. Qxe5+ Kg6 46. Qd6+
Kg7 47. Qd3 Qc1 48. a6 f4 49. h3 gxh3 50. gxh3 f3 51. a7 Nxf1 52. Qxf1 Qa3 53.
Qd1 Qxa7 54. Qxf3 Qa2 55. Kg2 Qc2 56. Kg3 Qc7+ 57. Qf4 Qc3+ 58. Kh4 Qe1 59.
Qd4+ Kg8 60. Qf6 Qe8 61. Kg5 Qd7 62. h4 Qc7 63. Kh6 Qa7 64. f4 Qc7 65. f5 Qb7
66. Qd8+ Kf7 67. Kxh7 Qe4 68. Qg8+ 1-0

[Event "Sevilla op"]
[Site "Sevilla ESP"]
[Date "1999.??.??"]
[Round "7"]
[White "Spraggett, Kevin"]
[Black "Strikovic, Aleksa"]
[Result "1/2-1/2"]
[WhiteElo "2560"]
[BlackElo "2550"]
[PlyCount "52"]
[EventDate "1999.??.??"]
[EventType "swiss"]
[EventRounds "9"]
[EventCountry "ESP"]
[Source "ChessBase"]
[SourceDate "1999.11.18"]

1. e4 d6 2. d4 g6 3. Nf3 Nf6 4. Bd3 Bg7 5. c3 O-O 6. O-O Nc6 7. Re1 e5 8. h3
Nh5 9. Be3 Re8 10. Nbd2 a6 11. a3 Nf4 12. Bxf4 exf4 13. Bc4 h6 14. b4 b5 15.
Bd5 Bb7 16. a4 Qd7 17. Qb3 Rab8 18. axb5 axb5 19. Nh4 Nxd4 20. cxd4 c6 21. Bxc6
Bxc6 22. Nhf3 Ra8 23. Ra5 Qb7 24. Qd3 Bd7 25. Rea1 Bc6 26. Re1 Bd7 1/2-1/2

[Event "Olympiad"]
[Site "Elista RUS"]
[Date "1998.10.02"]
[Round "4"]
[White "Spraggett, Kevin"]
[Black "Nogueiras, Jesus"]
[Result "1/2-1/2"]
[WhiteElo "2560"]
[BlackElo "2510"]
[PlyCount "35"]
[EventDate "1998.09.29"]
[EventType "team"]
[EventRounds "13"]
[EventCountry "RUS"]

1. e4 e6 2. d4 d5 3. Nc3 Bb4 4. exd5 exd5 5. Bd3 Ne7 6. Qh5 c5 7. dxc5 Nd7 8.
Nge2 Nxc5 9. Bb5+ Bd7 10. O-O O-O 11. Be3 Bf5 12. Bxc5 Bxc5 13. Bd3 Bxd3 14.
cxd3 Qd7 15. d4 Bb6 16. Rad1 Rad8 17. Rd3 Rfe8 18. Rfd1 1/2-1/2

[Event "Olympiad"]
[Site "Elista RUS"]
[Date "1998.10.03"]
[Round "5"]
[White "Sosa, Luis"]
[Black "Spraggett, Kevin"]
[Result "0-1"]
[WhiteElo "2225"]
[BlackElo "2560"]
[PlyCount "92"]
[EventDate "1998.09.29"]
[EventType "team"]
[EventRounds "13"]
[EventCountry "RUS"]

1. e4 c5 2. Nc3 e6 3. Nf3 a6 4. g3 Qc7 5. Bg2 d6 6. O-O Nf6 7. d3 Nc6 8. h3 Be7
9. Nh2 b5 10. f4 Bb7 11. Ne2 Rd8 12. g4 d5 13. e5 Nd7 14. c3 d4 15. Nf3 dxc3
16. bxc3 Nb6 17. Qc2 h5 18. gxh5 Qd7 19. Rd1 Rxh5 20. Ng3 Rh8 21. Qe2 Na4 22.
Bb2 b4 23. Qc2 Nxb2 24. Qxb2 bxc3 25. Qxc3 Nb4 26. a3 Bxf3 27. Bxf3 Nd5 28. Qd2
Rxh3 29. Kg2 Rh4 30. Ne2 Nxf4+ 31. Nxf4 Bg5 32. Rh1 Bxf4 33. Qa5 Qe7 34. Qa4+
Rd7 35. Rag1 Qg5+ 36. Kf1 Rxh1 37. Bxh1 Bg3 38. Rxg3 Qxg3 39. Bc6 Qxd3+ 40. Ke1
Qe3+ 41. Kf1 Qd3+ 42. Ke1 Qd2+ 43. Kf1 Ke7 44. Bxd7 Qxd7 45. Qxa6 Qd1+ 46. Kg2
Qd5+ 0-1

[Event "Olympiad"]
[Site "Elista RUS"]
[Date "1998.10.07"]
[Round "9"]
[White "Spraggett, Kevin"]
[Black "Munoz Sotomayor, Hugo"]
[Result "1-0"]
[WhiteElo "2560"]
[BlackElo "2290"]
[PlyCount "161"]
[EventDate "1998.09.29"]
[EventType "team"]
[EventRounds "13"]
[EventCountry "RUS"]

1. e4 c5 2. Nf3 e6 3. d3 Nc6 4. g3 g6 5. Bg2 Bg7 6. O-O Nge7 7. c3 d5 8. Nbd2
O-O 9. Re1 b6 10. exd5 exd5 11. Nb3 h6 12. a4 a5 13. d4 c4 14. Nbd2 Bg4 15. b3
cxb3 16. Qxb3 Rb8 17. Ba3 Re8 18. Nf1 Qd7 19. Ne3 Be6 20. Re2 Rec8 21. Ree1 Nf5
22. Nxf5 gxf5 23. Bc1 Ne7 24. Bf4 Ra8 25. h4 Ng6 26. Bd2 Qc7 27. Reb1 Rab8 28.
h5 Nf8 29. Bf4 Qd8 30. Ne5 Nh7 31. Nd3 Ra8 32. Bd2 Rc6 33. Qb5 Rac8 34. Nf4 Nf6
35. f3 Ne8 36. Qe2 Qd7 37. Re1 Rd6 38. Bf1 Bf6 39. Qh2 Bg5 40. Bb5 Qe7 41. Rab1
Ng7 42. Rb3 Qd8 43. Bd3 Bd7 44. Ra3 Qf8 45. Ra2 Re8 46. Rf1 Rc8 47. Rb1 Qe8 48.
Re1 Qf8 49. Bf1 Re8 50. Rc1 Rc8 51. Ba6 Rc7 52. Re1 Qd8 53. Kh1 Bc6 54. Bd3 Re7
55. Rg1 Qe8 56. Bc2 Kh8 57. Bb3 Rd8 58. Rf1 Kg8 59. Kg1 Rd6 60. Raa1 Ne6 61.
Bc1 Rd8 62. Nxe6 Rxe6 63. f4 Be7 64. Qh3 Rf6 65. Re1 Qd7 66. Bc2 Bd6 67. Re5
Qc7 68. Bd2 Re8 69. Bxf5 Bxe5 70. fxe5 Rxf5 71. Qxf5 Bd7 72. Qf3 Qc6 73. Rf1
Qe6 74. Bxh6 Qxh6 75. Qxf7+ Kh8 76. Qxd7 Qe3+ 77. Kg2 Qe2+ 78. Rf2 Qe4+ 79. Kh2
Rg8 80. Qf5 Qe3 81. Qf4 1-0

[Event "Olympiad"]
[Site "Elista RUS"]
[Date "1998.10.12"]
[Round "13"]
[White "Spraggett, Kevin"]
[Black "Urday Caceres, Henry"]
[Result "1-0"]
[WhiteElo "2560"]
[BlackElo "2475"]
[PlyCount "174"]
[EventDate "1998.09.29"]
[EventType "team"]
[EventRounds "13"]
[EventCountry "RUS"]

1. c4 e5 2. Nc3 Nc6 3. g3 g6 4. Bg2 Bg7 5. e4 d6 6. Nge2 h5 7. h4 Bg4 8. f3 Be6
9. d3 Qd7 10. Nd5 f5 11. Bg5 Nd8 12. exf5 Bxf5 13. Qd2 Ne6 14. Be3 Ne7 15. Nxe7
Qxe7 16. O-O O-O 17. Rae1 Rae8 18. Nc3 Qd7 19. Ne4 a6 20. Kh2 c6 21. b3 d5 22.
cxd5 cxd5 23. Qd1 Rc8 24. Nf2 Nd4 25. Bxd4 exd4 26. f4 Rc3 27. Qf3 Rd8 28. Bh3
Rc2 29. Bxf5 Qxf5 30. Re2 Rdc8 31. Rfe1 Kf8 32. Kg2 b5 33. Nh3 R8c3 34. Nf2 Rc8
35. Rd1 Rxe2 36. Qxe2 Re8 37. Qd2 Re3 38. Qa5 Qc8 39. Qb6 Kf7 40. Qd6 Qe6 41.
Qc7+ Kg8 42. Rc1 Re2 43. Rc2 Rxc2 44. Qxc2 Bf6 45. Qc5 Kg7 46. Qc7+ Kg8 47. Kf1
Bg7 48. Qd8+ Kh7 49. Kg2 Bf6 50. Qc7+ Kg8 51. Qc2 Kg7 52. Nh3 Qe3 53. Ng1 Kf7
54. Nf3 Kg7 55. Qd2 Qe6 56. Qf2 Qf5 57. Qc2 Kh6 58. Ng5 Bg7 59. Kf2 Bf6 60. Qc7
Bg7 61. Nf7+ Kh7 62. Ng5+ Kh6 63. Qc2 Bf6 64. Nf7+ Kh7 65. Qc7 Bg7 66. Ne5 Qh3
67. Nf3 Qf5 68. Ne1 Qe6 69. Qc1 Bf6 70. Nf3 Qf5 71. Qd2 Bg7 72. a4 bxa4 73.
bxa4 Bf6 74. Qc2 Kh6 75. Ng5 a5 76. Qb3 Bg7 77. Qb5 Bf6 78. Nf7+ Kh7 79. Qb7
Bg7 80. Ne5 Qe6 81. Qf7 Qa6 82. f5 gxf5 83. Qxf5+ Kg8 84. Qf7+ Kh8 85. Ng6+ Kh7
86. Nf8+ Kh8 87. Ne6 Be5 1-0

[Event "Dos Hermanas op"]
[Site "Dos Hermanas ESP"]
[Date "1998.??.??"]
[Round "2"]
[White "Jover Fuentes, Conchita"]
[Black "Spraggett, Kevin"]
[Result "1/2-1/2"]
[WhiteElo "2105"]
[BlackElo "2565"]
[PlyCount "66"]
[EventDate "1998.04.17"]
[EventType "swiss"]
[EventRounds "9"]
[EventCountry "ESP"]
[Source "ChessBase"]
[SourceDate "1998.11.10"]

1. d4 Nf6 2. Nf3 e6 3. Bg5 h6 4. Bh4 d6 5. Nbd2 g5 6. Bg3 Nh5 7. e3 Nd7 8. Be2
Bg7 9. c3 Qe7 10. Qc2 a6 11. a4 Ndf6 12. e4 Nd7 13. Nc4 b6 14. e5 Nxg3 15. hxg3
Bb7 16. exd6 cxd6 17. Qb3 Bd5 18. Qb4 Bxc4 19. Qxc4 d5 20. Qb3 Qd6 21. Nd2 f5
22. Bd3 O-O 23. Qd1 Nf6 24. Qe2 a5 25. Nf3 Ng4 26. O-O Rae8 27. Rfe1 Kh8 28.
Nh2 Nf6 29. Nf3 Ne4 30. Bxe4 fxe4 31. Nh2 e5 32. dxe5 Rxe5 33. Rad1 Ref5
1/2-1/2

[Event "Dos Hermanas op"]
[Site "Dos Hermanas ESP"]
[Date "1998.??.??"]
[Round "3"]
[White "Spraggett, Kevin"]
[Black "Insua Mellado, Jose Luis"]
[Result "1-0"]
[WhiteElo "2565"]
[BlackElo "2160"]
[PlyCount "65"]
[EventDate "1998.04.17"]
[EventType "swiss"]
[EventRounds "9"]
[EventCountry "ESP"]
[Source "ChessBase"]
[SourceDate "1998.11.10"]

1. e4 d6 2. d4 Nf6 3. Nc3 g6 4. Be3 c6 5. Qd2 Nbd7 6. Nf3 b5 7. Bd3 Nb6 8. h3
Nc4 9. Bxc4 bxc4 10. O-O Bg7 11. Bh6 O-O 12. Rfe1 Rb8 13. b3 cxb3 14. axb3 Rb7
15. Ra4 Qc7 16. e5 Nd5 17. Ne4 Bf5 18. Ng3 Bd7 19. c4 Nb6 20. Ra5 d5 21. Rc1
Qb8 22. Rc5 Rc8 23. Bxg7 Kxg7 24. Qg5 Be6 25. cxd5 Nxd5 26. Rxc6 Rxc6 27. Rxc6
Rxb3 28. Rc5 Rxf3 29. gxf3 Qb1+ 30. Kg2 Qd3 31. Nh5+ Kh8 32. Qh6 Bxh3+ 33. Kh2
1-0

[Event "Dos Hermanas op"]
[Site "Dos Hermanas ESP"]
[Date "1998.??.??"]
[Round "5"]
[White "Spraggett, Kevin"]
[Black "Matamoros Franco, Carlos"]
[Result "1-0"]
[WhiteElo "2565"]
[BlackElo "2470"]
[PlyCount "57"]
[EventDate "1998.04.17"]
[EventType "swiss"]
[EventRounds "9"]
[EventCountry "ESP"]
[Source "ChessBase"]
[SourceDate "1998.11.10"]

1. e4 e6 2. d4 d5 3. Nd2 Nf6 4. e5 Nfd7 5. c3 c5 6. Bd3 Nc6 7. Ne2 cxd4 8. cxd4
f6 9. exf6 Nxf6 10. Nf3 Bd6 11. O-O O-O 12. Bf4 Bxf4 13. Nxf4 Ne4 14. g3 Qf6
15. h4 h6 16. Bxe4 dxe4 17. Ne5 Rd8 18. Nxc6 bxc6 19. Qa4 g5 20. Ng2 Rb8 21. b3
Rxd4 22. Qxa7 Rb7 23. Qa8 Rd8 24. Rad1 Rf8 25. Qa4 c5 26. Qxe4 Rb4 27. hxg5
hxg5 28. Qe3 e5 29. Rd5 1-0

[Event "Dos Hermanas op"]
[Site "Dos Hermanas ESP"]
[Date "1998.??.??"]
[Round "9"]
[White "De la Villa Garcia, Jesus Maria"]
[Black "Spraggett, Kevin"]
[Result "1/2-1/2"]
[WhiteElo "2485"]
[BlackElo "2565"]
[PlyCount "76"]
[EventDate "1998.04.17"]
[EventType "swiss"]
[EventRounds "9"]
[EventCountry "ESP"]
[Source "ChessBase"]
[SourceDate "1998.11.10"]

1. e4 c5 2. Nf3 e6 3. Nc3 a6 4. g3 Nc6 5. Bg2 d6 6. O-O Qc7 7. d4 cxd4 8. Nxd4
Bd7 9. a4 Be7 10. Be3 Nf6 11. Nb3 Ne5 12. Qe2 Nc4 13. Bc1 O-O 14. Nd4 Rac8 15.
b3 Na5 16. Bb2 Nc6 17. Nxc6 Bxc6 18. Rad1 Rfe8 19. Rfe1 e5 20. Bh3 Rb8 21. Ba3
Rbd8 22. Qc4 Qb8 23. Bb4 Rf8 24. Ba5 Rde8 25. Bb6 Bd8 26. a5 Bxb6 27. axb6 Rd8
28. Re3 Bd7 29. Bxd7 Rxd7 30. Rf3 Qd8 31. Qb4 d5 32. exd5 Nxd5 33. Nxd5 Rxd5
34. Rxd5 Qxd5 35. Rd3 Qc6 36. Rc3 Qd5 37. Rd3 Qc6 38. Rc3 Qd5 1/2-1/2

[Event "New York op"]
[Site "New York USA"]
[Date "1998.??.??"]
[Round "?"]
[White "Paschall, William"]
[Black "Spraggett, Kevin"]
[Result "1/2-1/2"]
[WhiteElo "2375"]
[BlackElo "2565"]
[PlyCount "44"]
[EventDate "1998.03.16"]
[EventType "swiss"]
[EventRounds "9"]
[EventCountry "USA"]

1. d4 d6 2. c4 f5 3. Nf3 Nf6 4. g3 g6 5. Bg2 Bg7 6. O-O O-O 7. Nc3 c6 8. d5
cxd5 9. cxd5 Na6 10. Be3 Nc5 11. Rc1 Qa5 12. Qd2 Bd7 13. Bh6 Rac8 14. Bxg7 Kxg7
15. Nd4 Na4 16. Nb3 Qb4 17. Nxa4 Qxd2 18. Nxd2 Bxa4 19. e4 fxe4 20. Nxe4 Nxe4
21. Bxe4 Bd7 22. f4 Kf6 1/2-1/2

[Event "New York op"]
[Site "New York USA"]
[Date "1998.??.??"]
[Round "?"]
[White "Spraggett, Kevin"]
[Black "Izeta Txabarri, Felix"]
[Result "1/2-1/2"]
[WhiteElo "2565"]
[BlackElo "2475"]
[PlyCount "59"]
[EventDate "1998.03.16"]
[EventType "swiss"]
[EventRounds "9"]
[EventCountry "USA"]

1. c4 Nf6 2. Nc3 c5 3. g3 g6 4. Bg2 Bg7 5. d3 O-O 6. Be3 d6 7. Qc1 Nc6 8. Bh6
e5 9. Bxg7 Kxg7 10. Nf3 a6 11. Rb1 Rb8 12. a3 b5 13. cxb5 axb5 14. b4 cxb4 15.
axb4 Qb6 16. Qb2 Nd4 17. Nxd4 Qxd4 18. Na2 Be6 19. Qxd4 exd4 20. Rb2 Rfc8 21.
Kd2 Rc7 22. Rc1 Ra7 23. Rcc2 Nd5 24. Bxd5 Bxd5 25. Nc1 Re8 26. Rb1 f5 27. Ke1
g5 28. f3 g4 29. f4 h5 30. Nb3 1/2-1/2

[Event "New York op"]
[Site "New York USA"]
[Date "1998.??.??"]
[Round "?"]
[White "Stripunsky, Alexander"]
[Black "Spraggett, Kevin"]
[Result "1/2-1/2"]
[WhiteElo "2475"]
[BlackElo "2565"]
[PlyCount "142"]
[EventDate "1998.03.16"]
[EventType "swiss"]
[EventRounds "9"]
[EventCountry "USA"]

1. e4 c5 2. Nf3 e6 3. c3 d5 4. exd5 exd5 5. d4 Nf6 6. Be3 cxd4 7. Nxd4 a6 8.
Be2 Bd6 9. Bg5 O-O 10. O-O h6 11. Bh4 Nc6 12. Nxc6 bxc6 13. c4 Rb8 14. Qc2 Be5
15. Nc3 Qa5 16. Rac1 dxc4 17. Bxf6 Bxf6 18. Bxc4 Bf5 19. Qe2 Qb4 20. Bb3 Bg5
21. Rcd1 a5 22. Qe5 Bg6 23. Qd6 Bf6 24. Qxc6 Rfc8 25. Qd5 Bxc3 26. bxc3 Qxc3
27. Rfe1 Kh7 28. h4 Rd8 29. Rc1 Rxd5 30. Rxc3 Rd4 31. Rc7 Rxh4 32. g3 Rhb4 33.
Bxf7 Bxf7 34. Rxf7 R8b7 35. Rxb7 Rxb7 36. Re5 a4 37. Re4 a3 38. Ra4 Rb2 39.
Rxa3 Kg6 40. Kg2 Kf5 41. Rf3+ Ke6 42. a3 Ra2 43. Kh3 g6 44. Kg4 Ke5 45. Kh3 Ke6
46. Kh4 Ra1 47. Kg4 Ra2 48. Kf4 Kf6 49. Ke4+ Kg5 50. Kd5 h5 51. Kc4 Kg4 52.
Rf4+ Kh3 53. Kb3 Re2 54. a4 g5 55. Rf8 h4 56. gxh4 gxh4 57. a5 Re1 58. Rf4 Ra1
59. Kb4 Rb1+ 60. Kc5 Ra1 61. Kb5 Rb1+ 62. Rb4 Rf1 63. f4 Kg3 64. a6 h3 65. a7
Ra1 66. Ra4 Rb1+ 67. Kc5 Rc1+ 68. Kd6 Rc8 69. Ra3+ Kg4 70. a8=Q Rxa8 71. Rxa8
Kxf4 1/2-1/2

[Event "New York op"]
[Site "New York USA"]
[Date "1998.03.16"]
[Round "1"]
[White "Spraggett, Kevin"]
[Black "Salomon, Eugene"]
[Result "1-0"]
[WhiteElo "2565"]
[BlackElo "2200"]
[PlyCount "47"]
[EventDate "1998.03.16"]
[EventType "swiss"]
[EventRounds "9"]
[EventCountry "USA"]
[Source "ChessBase"]
[SourceDate "1998.06.15"]

1. e4 c6 2. d4 d5 3. exd5 cxd5 4. c4 Nf6 5. Nc3 e6 6. Nf3 Be7 7. cxd5 Nxd5 8.
Bd3 Nc6 9. O-O O-O 10. Re1 Bf6 11. Be4 Nce7 12. Ne5 g6 13. Bh6 Bg7 14. Bxg7
Kxg7 15. Rc1 f6 16. Nf3 Qd6 17. Qb3 Bd7 18. Bxd5 exd5 19. Qxb7 Rfb8 20. Nb5 Qe6
21. Rxe6 Rxb7 22. Rxe7+ Kf8 23. Nd6 Kxe7 24. Nxb7 1-0

[Event "Anibal op"]
[Site "Linares ESP"]
[Date "1998.??.??"]
[Round "?"]
[White "Ribeiro, Fernando"]
[Black "Spraggett, Kevin"]
[Result "1/2-1/2"]
[WhiteElo "2340"]
[BlackElo "2575"]
[PlyCount "36"]
[EventDate "1998.??.??"]
[EventType "swiss"]
[EventRounds "10"]
[EventCountry "ESP"]

1. e4 c6 2. d4 d5 3. Nd2 dxe4 4. Nxe4 Bf5 5. Nc5 b6 6. Nb3 e6 7. Nf3 Nf6 8. Be2
Nbd7 9. O-O Qc7 10. Nbd2 Be7 11. Nc4 O-O 12. b3 Rad8 13. Bb2 c5 14. Qc1 Be4 15.
dxc5 Nxc5 16. Ng5 Bb7 17. Ne3 Bd6 18. g3 h6 1/2-1/2

[Event "Cappelle op"]
[Site "Cappelle la Grande FRA"]
[Date "1998.??.??"]
[Round "?"]
[White "Nikcevic, Nebojsa"]
[Black "Spraggett, Kevin"]
[Result "0-1"]
[WhiteElo "2505"]
[BlackElo "2565"]
[PlyCount "74"]
[EventDate "1998.??.??"]
[EventType "swiss"]
[EventRounds "9"]
[EventCountry "FRA"]

1. d4 d6 2. e4 Nf6 3. Nc3 g6 4. Nf3 Bg7 5. Bf4 c6 6. Qd2 b5 7. a3 O-O 8. Be2 a6
9. Rd1 a5 10. e5 dxe5 11. Nxe5 Be6 12. O-O Qb6 13. Bh6 Nbd7 14. Bxg7 Kxg7 15.
Nxd7 Bxd7 16. d5 Rac8 17. Rfe1 b4 18. Na4 Qa7 19. d6 c5 20. dxe7 Rfe8 21. b3
Bxa4 22. bxa4 Rxe7 23. Bb5 Rcc7 24. Rxe7 Rxe7 25. axb4 cxb4 26. Re1 Rxe1+ 27.
Qxe1 Qd4 28. h3 Ne4 29. Bc6 Nc3 30. Qe7 Qd1+ 31. Kh2 Ne2 32. Qe5+ Kh6 33. Qe3+
g5 34. h4 Qg1+ 35. Kh3 Qh1+ 36. Kg4 Qxh4+ 37. Kf5 Nd4+ 0-1

[Event "Cappelle op"]
[Site "Cappelle la Grande FRA"]
[Date "1998.??.??"]
[Round "?"]
[White "Spraggett, Kevin"]
[Black "Glek, Igor"]
[Result "0-1"]
[WhiteElo "2565"]
[BlackElo "2565"]
[PlyCount "59"]
[EventDate "1998.??.??"]
[EventType "swiss"]
[EventRounds "9"]
[EventCountry "FRA"]

1. e4 e6 2. d4 d5 3. Nc3 Nf6 4. Bg5 Bb4 5. e5 h6 6. Bd2 Bxc3 7. bxc3 Ne4 8. Qg4
g6 9. Bd3 Nxd2 10. Kxd2 c5 11. Qf4 Bd7 12. Nf3 Bc6 13. h4 Nd7 14. Rh3 Qe7 15.
dxc5 O-O-O 16. Nd4 Nxc5 17. Rb1 Qc7 18. Qf6 Rhf8 19. f4 Ne4+ 20. Bxe4 dxe4 21.
Rb4 Rd7 22. Kc1 Rfd8 23. a3 a5 24. Rc4 Qb6 25. Re3 Kb8 26. Re1 Bd5 27. Ra4 Rc8
28. Kd2 Qb2 29. Re3 Bb3 30. Rxa5 0-1

[Event "Cappelle op"]
[Site "Cappelle la Grande FRA"]
[Date "1998.??.??"]
[Round "?"]
[White "Spraggett, Kevin"]
[Black "Kaiumov, Dmitry"]
[Result "1-0"]
[WhiteElo "2565"]
[BlackElo "2455"]
[PlyCount "117"]
[EventDate "1998.??.??"]
[EventType "swiss"]
[EventRounds "9"]
[EventCountry "FRA"]

1. e4 e5 2. Nf3 Nc6 3. Bb5 a6 4. Ba4 Nf6 5. O-O Be7 6. Re1 b5 7. Bb3 d6 8. c3
O-O 9. d3 h6 10. Nbd2 Re8 11. Nf1 Bf8 12. Ng3 Na5 13. Bc2 c5 14. h3 Nc6 15. a4
Bd7 16. Nh2 Ne7 17. Ng4 Ng6 18. axb5 Nxg4 19. hxg4 axb5 20. Rxa8 Qxa8 21. Nf5
d5 22. g5 hxg5 23. Bxg5 d4 24. cxd4 cxd4 25. Bb3 Be6 26. Bxe6 fxe6 27. Nh4 Nxh4
28. Bxh4 Bb4 29. Rf1 Qc6 30. Qh5 Bd6 31. Bg3 Rf8 32. Qg4 Qd7 33. Ra1 Rc8 34.
Qg5 Qd8 35. Qg4 Qd7 36. Ra6 Rc1+ 37. Kh2 Rc2 38. Qd1 Rc6 39. Ra1 Rc8 40. Qb3
Qe8 41. Kg1 Rc5 42. Bh4 Qc8 43. Bg5 Bf8 44. g3 Qc6 45. Kg2 Qc8 46. Ra7 Kh7 47.
Be7 Bxe7 48. Rxe7 Rc2 49. Rxe6 Rxb2 50. Qxb2 Qxe6 51. Qxb5 g5 52. Qd5 Qf6 53.
Qb7+ Kh6 54. Qc8 Kg7 55. Qf5 Qe7 56. Kh3 Kh6 57. Kg4 Qg7 58. Qe6+ Kh7 59. Qe8
1-0

[Event "Cappelle op"]
[Site "Cappelle la Grande FRA"]
[Date "1998.??.??"]
[Round "?"]
[White "Spraggett, Kevin"]
[Black "Polak, Tomas"]
[Result "1-0"]
[WhiteElo "2565"]
[BlackElo "2500"]
[PlyCount "92"]
[EventDate "1998.??.??"]
[EventType "swiss"]
[EventRounds "9"]
[EventCountry "FRA"]

1. c4 e5 2. Nc3 Nc6 3. g3 Nf6 4. Bg2 Bc5 5. e3 O-O 6. a3 a5 7. Nge2 Re8 8. O-O
d6 9. d3 Bf5 10. h3 Ba7 11. Kh2 Qd7 12. e4 Bg6 13. Bg5 Ne7 14. f4 exf4 15. gxf4
Bh5 16. Qc2 Bxe2 17. Nxe2 Kh8 18. Bxf6 gxf6 19. Qc3 Ng8 20. Ng3 a4 21. Nh5 Qe7
22. Rf3 Qf8 23. Rg3 Qh6 24. Bf3 Be3 25. Be2 Bxf4 26. Nxf4 Qxf4 27. Rf1 Qh6 28.
Bg4 Re5 29. Qc2 Rg5 30. Qf2 Rg6 31. Qf5 Qd2+ 32. Rf2 Qa5 33. Qd7 Rf8 34. d4 Qb6
35. Rd3 Qa5 36. Qf5 Qe1 37. Qf3 Qa5 38. Bf5 Rg7 39. Qe3 Ne7 40. Bd7 Rfg8 41.
Rdd2 c6 42. Bg4 Qd8 43. Qf4 d5 44. exd5 cxd5 45. c5 f5 46. Bxf5 Rg5 1-0

[Event "Cappelle op"]
[Site "Cappelle la Grande FRA"]
[Date "1998.??.??"]
[Round "?"]
[White "Spraggett, Kevin"]
[Black "Santo Roman, Marc"]
[Result "1-0"]
[WhiteElo "2565"]
[BlackElo "2375"]
[PlyCount "109"]
[EventDate "1998.??.??"]
[EventType "swiss"]
[EventRounds "9"]
[EventCountry "FRA"]

1. e4 c5 2. Nc3 Nc6 3. g3 g6 4. Bg2 Bg7 5. d3 d6 6. Be3 e6 7. Qd2 Nd4 8. Nd1 e5
9. c3 Be6 10. f4 exf4 11. gxf4 Nc6 12. Nf3 h6 13. O-O Nge7 14. d4 d5 15. exd5
Nxd5 16. dxc5 Nxe3 17. Nxe3 Qe7 18. Qd6 Qxd6 19. cxd6 O-O-O 20. f5 gxf5 21. Bh3
Rxd6 22. Bxf5 Rhd8 23. Rae1 Kc7 24. Bxe6 Rxe6 25. Nf5 Bf8 26. Rxe6 fxe6 27. Ng3
Rd3 28. Kf2 Bc5+ 29. Ke2 Re3+ 30. Kd2 Ne5 31. Nxe5 Rxe5 32. Rf7+ Kc6 33. b4
Be3+ 34. Kd3 Bg1 35. Rf6 Bxh2 36. Ne2 h5 37. Rf2 Rd5+ 38. Nd4+ Kd6 39. Rf6 Bg1
40. Rxe6+ Kd7 41. Rh6 Bxd4 42. cxd4 Rg5 43. a4 Kc7 44. Kc4 Rf5 45. Rh7+ Kc8 46.
b5 a6 47. b6 Ra5 48. Rc7+ Kb8 49. Rf7 Kc8 50. d5 Rxa4+ 51. Kc5 Rg4 52. Kd6 Rg6+
53. Ke7 Rg8 54. d6 Rd8 55. Rf8 1-0

[Event "Corte Ingles op"]
[Site "Corte Ingles ESP"]
[Date "1998.??.??"]
[Round "?"]
[White "Araslanov, Farid"]
[Black "Spraggett, Kevin"]
[Result "0-1"]
[WhiteElo "2265"]
[BlackElo "2565"]
[PlyCount "55"]
[EventDate "1998.??.??"]
[EventType "swiss"]
[EventRounds "9"]
[EventCountry "ESP"]
[Source "ChessBase"]
[SourceDate "2001.11.25"]

1. d4 g6 2. e4 d6 3. Nc3 a6 4. Be3 Bg7 5. Qd2 b5 6. f3 Nd7 7. h4 h5 8. Nh3 c5
9. Ng5 Bb7 10. a4 b4 11. Nd1 Ngf6 12. c3 bxc3 13. bxc3 O-O 14. a5 Qc7 15. Be2
cxd4 16. cxd4 Rfc8 17. Qa2 e6 18. Rc1 Qd8 19. Rb1 Bc6 20. O-O Nb8 21. Nf2 Be8
22. Rfd1 Nc6 23. Rb6 d5 24. Bxa6 Nd7 25. Bxc8 Nxb6 26. Bb7 Rxa5 27. Qb3 Ne7 28.
Nd3 0-1

[Event "Corte Ingles op"]
[Site "Corte Ingles ESP"]
[Date "1998.??.??"]
[Round "?"]
[White "Gomez Esteban, Juan Mario"]
[Black "Spraggett, Kevin"]
[Result "1/2-1/2"]
[WhiteElo "2475"]
[BlackElo "2565"]
[PlyCount "20"]
[EventDate "1998.??.??"]
[EventType "swiss"]
[EventRounds "9"]
[EventCountry "ESP"]
[Source "ChessBase"]
[SourceDate "2001.11.25"]

1. d4 Nf6 2. c4 e6 3. Nc3 Bb4 4. Qc2 Nc6 5. Nf3 d6 6. a3 Bxc3+ 7. Qxc3 O-O 8.
Bg5 h6 9. Bh4 g5 10. Bg3 Ne4 1/2-1/2

[Event "Corte Ingles op"]
[Site "Corte Ingles ESP"]
[Date "1998.??.??"]
[Round "?"]
[White "Spraggett, Kevin"]
[Black "Brito Garcia, Alfredo"]
[Result "1/2-1/2"]
[WhiteElo "2565"]
[BlackElo "2385"]
[PlyCount "51"]
[EventDate "1998.??.??"]
[EventType "swiss"]
[EventRounds "9"]
[EventCountry "ESP"]
[Source "ChessBase"]
[SourceDate "2001.11.25"]

1. Nf3 g6 2. e4 Bg7 3. d4 d6 4. c3 Nf6 5. Bd3 O-O 6. O-O c5 7. Nbd2 cxd4 8.
cxd4 Nc6 9. Re1 Nd7 10. Nb3 a5 11. Be3 Nb4 12. Bb1 a4 13. Nbd2 d5 14. a3 dxe4
15. Bxe4 Nc6 16. Rc1 Nf6 17. Bxc6 bxc6 18. Rxc6 Be6 19. Bf4 Nh5 20. Be3 Qb8 21.
Qc2 Nf4 22. Ne4 Bd5 23. Rc5 Rd8 24. Bxf4 Qxf4 25. h3 Be5 26. Neg5 1/2-1/2

[Event "Corte Ingles op"]
[Site "Corte Ingles ESP"]
[Date "1998.??.??"]
[Round "?"]
[White "Spraggett, Kevin"]
[Black "Illijin, Neboisa"]
[Result "1/2-1/2"]
[WhiteElo "2565"]
[BlackElo "2270"]
[PlyCount "52"]
[EventDate "1998.??.??"]
[EventType "swiss"]
[EventRounds "9"]
[EventCountry "ESP"]
[Source "ChessBase"]
[SourceDate "2001.11.25"]

1. e4 c5 2. Nf3 e6 3. d4 cxd4 4. Nxd4 a6 5. Bd3 Nf6 6. O-O Qc7 7. Qe2 d6 8. c4
Be7 9. Nc3 Nc6 10. Nxc6 bxc6 11. f4 Nd7 12. b3 Bf6 13. Bb2 Bd4+ 14. Kh1 e5 15.
f5 Nf6 16. Rac1 Bb7 17. Rc2 Qa5 18. Qf3 Rd8 19. Re1 h6 20. h3 Rd7 21. Bf1 O-O
22. Bc1 Re8 23. Bd2 Qd8 24. Qg3 Kh8 25. Bc1 Qa5 26. Bd2 Qd8 1/2-1/2